[Event "Montevideo Duchamp Cup 7th"]
[Site "Montevideo"]
[Date "2024.02.05"]
[Round "5"]
[White "Osinaga, Eduardo"]
[Black "Morales Neyra, Flora"]
[Result "1-0"]
[WhiteElo "1657"]
[BlackElo "1829"]
[PlyCount "123"]
[EventDate "2024.02.01"]
[EventType "swiss"]
[EventRounds "9"]
[EventCountry "URU"]
[SourceTitle "CBM 218 Extra"]
[Source "ChessBase"]
[SourceDate "2024.03.31"]
[SourceVersion "1"]
[SourceVersionDate "2024.03.31"]
[SourceQuality "1"]

1. e4 e6 2. d4 d5 3. exd5 exd5 4. Nf3 Nf6 5. Bd3 Nc6 6. c3 Bg4 7. 0-0 Be7 8. Re1 0-0 9. Bf4 Nh5 10. Bg3 Nxg3 11. hxg3 Bd6 12. Nbd2 Qd7 13. Qc2 h6 14. Re3 f5 15. Qb3 Ne7 16. Ne5 Qc8 17. Nxg4 fxg4 18. Rae1 Qd8 19. c4 Nc6 20. c5 Bxg3 21. Rxg3 Nxd4 22. Qd1 Qf6 23. Rf1 h5 24. Nb3 Ne6 25. Qc1 Rae8 26. Re3 Nf4 27. Rxe8 Rxe8 28. Qd2 c6 29. Nc1 Qh6 30. Rd1 h4 31. g3 hxg3 32. fxg3 Nh3+ 33. Kg2 Qe6 34. Ne2 d4 35. Nf4 Nxf4+ 36. Qxf4 Qd5+ 37. Kg1 Qxc5 38. Rc1 Qe5 39. Kg2 Qd5+ 40. Kg1 Qe5 41. Qxe5 Rxe5 42. Kf2 Kf7 43. Re1 Kf6 44. Rxe5 Kxe5 45. Ke2 a6 46. Kd2 b5 47. b4 Kd5 48. Kc2 c5 49. bxc5 Kxc5 50. Bf5 Kc4 51. Be6+ Kc5 52. Bf5 Kc4 53. Be6+ Kc5 54. Kd3 b4 55. Bxg4 a5 56. Be6 a4 57. Bf7 b3 58. axb3 axb3 59. Bxb3 Kd6 60. Kxd4 Ke7 61. Ke5 g6 62. Bc4 1-0

[Event "URU-ch sf"]
[Site "Montevideo"]
[Date "2020.02.25"]
[Round "7"]
[White "Miraballes Lopez, Andres"]
[Black "Osinaga, Eduardo"]
[Result "1-0"]
[WhiteElo "1676"]
[BlackElo "1697"]
[PlyCount "67"]
[EventDate "2020.02.21"]
[EventType "swiss"]
[EventRounds "8"]
[EventCountry "URU"]
[SourceTitle "CBM 195 Extra"]
[Source "ChessBase"]
[SourceDate "2020.05.31"]
[SourceVersion "1"]
[SourceVersionDate "2020.05.31"]
[SourceQuality "1"]

1. e4 c5 2. Nf3 d6 3. d4 cxd4 4. Nxd4 e5 5. Bb5+ Bd7 6. Bxd7+ Qxd7 7. Ne2 h6 8. Be3 Nf6 9. Nbc3 Be7 10. h3 0-0 11. 0-0 Nc6 12. Ng3 Rfd8 13. Nd5 Nxd5 14. exd5 Na5 15. b3 b6 16. Qd2 f5 17. f4 Bh4 18. fxe5 Bxg3 19. e6 Qe7 20. Rxf5 Rf8 21. Rh5 Qf6 22. Rd1 Qg6 23. Qe2 Bf2+ 24. Bxf2 Rxf2 25. Kxf2 Rc8 26. Kg1 Rxc2 27. Qg4 Qxg4 28. hxg4 Rc7 29. Rf5 Nb7 30. Rdf1 Nc5 31. Rf8+ Kh7 32. R1f7 Rxf7 33. Rxf7 Kg8 34. Rxa7 1-0

[Event "URU-ch sf"]
[Site "Montevideo"]
[Date "2020.02.25"]
[Round "8"]
[White "Osinaga, Eduardo"]
[Black "Nakle, Gonzalo"]
[Result "1-0"]
[WhiteElo "1697"]
[BlackElo "1675"]
[PlyCount "137"]
[EventDate "2020.02.21"]
[EventType "swiss"]
[EventRounds "8"]
[EventCountry "URU"]
[SourceTitle "CBM 195 Extra"]
[Source "ChessBase"]
[SourceDate "2020.05.31"]
[SourceVersion "1"]
[SourceVersionDate "2020.05.31"]
[SourceQuality "1"]

1. e4 c5 2. Nf3 d6 3. d4 cxd4 4. Nxd4 Nf6 5. Nc3 e6 6. Bd3 Nc6 7. Be3 Bd7 8. 0-0 Be7 9. a3 0-0 10. h3 Rc8 11. Qe1 Ne5 12. f4 Nxd3 13. cxd3 e5 14. fxe5 dxe5 15. Nf5 Bxf5 16. Rxf5 Qxd3 17. Rxe5 Bd6 18. Rd1 Qxd1 19. Qxd1 Bxe5 20. Qb3 Bxc3 21. bxc3 Nxe4 22. Bd4 b6 23. a4 Nc5 24. Qd1 Rfd8 25. Qg4 Ne6 26. Bf6 Rd5 27. h4 Kh8 28. Bxg7+ Kg8 29. Bh6+ Kh8 30. Qf3 Rcd8 31. Qxf7 R5d6 32. Qxa7 R8d7 33. Qa8+ Rd8 34. Qf3 Kg8 35. Qg4+ Kf7 36. Qf5+ Ke8 37. Qxh7 Rd1+ 38. Kh2 R8d6 39. Qe4 Kd7 40. Qb7+ Nc7 41. Be3 Rb1 42. Bd4 Rh6 43. Qe4 Rf1 44. g3 Re6 45. Qg4 Kc6 46. h5 Ree1 47. Qg6+ Ne6 48. Qe8+ Kb7 49. Qd7+ Nc7 50. Qh7 Re2+ 51. Kh3 Rh1+ 52. Kg4 Kc6 53. Qg6+ Re6 54. Qf5 Rhe1 55. a5 Nd5 56. Kg5 bxa5 57. c4 Ne7 58. Qxa5 Kd7 59. g4 Nc6 60. Qd5+ Ke8 61. Bc3 R1e3 62. Qd2 Nd8 63. Bd4 Nf7+ 64. Kf4 R6e4+ 65. Kf5 Nd6+ 66. Kg5 Re5+ 67. Kh4 Re2 68. Qb4 Ne4 69. Bxe5 1-0

[Event "URU-ch sf"]
[Site "Montevideo"]
[Date "2020.02.24"]
[Round "6"]
[White "Osinaga, Eduardo"]
[Black "Lanaro, Emilio"]
[Result "1-0"]
[WhiteElo "1697"]
[BlackElo "1670"]
[PlyCount "61"]
[EventDate "2020.02.21"]
[EventType "swiss"]
[EventRounds "8"]
[EventCountry "URU"]
[SourceTitle "CBM 195 Extra"]
[Source "ChessBase"]
[SourceDate "2020.05.31"]
[SourceVersion "1"]
[SourceVersionDate "2020.05.31"]
[SourceQuality "1"]

1. e4 c5 2. Nf3 d6 3. d4 cxd4 4. Nxd4 Nf6 5. Nc3 a6 6. Bd3 e5 7. Nde2 Be7 8. 0-0 0-0 9. h3 b5 10. a3 Bb7 11. f4 Nbd7 12. Nd5 Bxd5 13. exd5 e4 14. Ng3 exd3 15. Qxd3 Re8 16. Nf5 Nb6 17. Qg3 Bf8 18. Nh6+ Kh8 19. Nxf7+ Kg8 20. Nxd8 Raxd8 21. Bd2 Nfxd5 22. Ba5 Re3 23. Rf3 Rde8 24. Bxb6 Rxf3 25. Qxf3 Nxb6 26. Qc6 Rc8 27. Qxb6 d5 28. Qxa6 Rxc2 29. Qxb5 Rc8 30. Qxd5+ Kh8 31. Re1 1-0

[Event "URU-ch sf"]
[Site "Montevideo"]
[Date "2020.02.23"]
[Round "4"]
[White "Soto, Nicolas"]
[Black "Osinaga, Eduardo"]
[Result "1-0"]
[WhiteElo "2002"]
[BlackElo "1697"]
[PlyCount "73"]
[EventDate "2020.02.21"]
[EventType "swiss"]
[EventRounds "8"]
[EventCountry "URU"]
[SourceTitle "CBM 195 Extra"]
[Source "ChessBase"]
[SourceDate "2020.05.31"]
[SourceVersion "1"]
[SourceVersionDate "2020.05.31"]
[SourceQuality "1"]

1. e4 c5 2. Nf3 d6 3. d4 cxd4 4. Nxd4 e5 5. Nb3 h6 6. Nc3 Nf6 7. f3 Be7 8. Be3 Be6 9. Qd2 0-0 10. 0-0-0 a6 11. Kb1 Nbd7 12. g4 Nh7 13. h4 Bxh4 14. Bxh6 Nc5 15. Be3 Nxb3 16. axb3 g5 17. Qxd6 Qf6 18. Be2 b5 19. Nd5 Bxd5 20. Rxd5 Rfe8 21. Qxf6 Nxf6 22. Rd6 Kg7 23. Rhd1 Nh7 24. Rb6 Nf8 25. Rdd6 Re6 26. c4 Rxd6 27. Rxd6 b4 28. c5 a5 29. Ra6 Rxa6 30. Bxa6 Ne6 31. c6 Kf8 32. Bb6 Be1 33. c7 Nxc7 34. Bxc7 f6 35. Bxa5 Ke7 36. Kc2 Kd6 37. Kd1 1-0

[Event "URU-ch sf"]
[Site "Montevideo"]
[Date "2020.02.22"]
[Round "2"]
[White "Osinaga, Eduardo"]
[Black "Amaral, Francisco"]
[Result "1/2-1/2"]
[WhiteElo "1697"]
[BlackElo "1567"]
[PlyCount "104"]
[EventDate "2020.02.21"]
[EventType "swiss"]
[EventRounds "8"]
[EventCountry "URU"]
[SourceTitle "CBM 195 Extra"]
[Source "ChessBase"]
[SourceDate "2020.05.31"]
[SourceVersion "1"]
[SourceVersionDate "2020.05.31"]
[SourceQuality "1"]

1. e4 c5 2. Nf3 d6 3. d4 cxd4 4. Nxd4 Nf6 5. Nc3 a6 6. Bc4 e6 7. a3 Be7 8. 0-0 Qc7 9. Bb3 Nbd7 10. Be3 Nc5 11. f3 Nxb3 12. cxb3 b5 13. Rc1 Qb7 14. b4 Bd7 15. Nb3 Rc8 16. Na5 Qb8 17. Rf2 0-0 18. Rfc2 e5 19. f4 Ng4 20. Qf3 Nxe3 21. Qxe3 Bd8 22. Nd5 Rxc2 23. Rxc2 Bxa5 24. bxa5 f5 25. exf5 Bxf5 26. Ne7+ Kh8 27. Nxf5 Rxf5 28. Qb6 Qf8 29. Qxa6 Rxf4 30. Rc1 h6 31. h3 Kh7 32. Qxb5 Qf5 33. a6 Qe4 34. Qc6 Qd4+ 35. Kh1 Rf2 36. b4 e4 37. Qc4 Qe3 38. Rg1 Rf4 39. b5 Qg3 40. a7 Rh4 41. Qe2 Qxa3 42. b6 d5 43. Qf2 Rxh3+ 44. gxh3 Qxh3+ 45. Qh2 Qf3+ 46. Rg2 Qd1+ 47. Qg1 Qh5+ 48. Rh2 Qf3+ 49. Qg2 Qd1+ 50. Qg1 Qf3+ 51. Rg2 Qh5+ 52. Qh2 Qd1+ 1/2-1/2

[Event "URU-ch sf"]
[Site "Montevideo"]
[Date "2020.02.21"]
[Round "1"]
[White "Izquierdo, Daniel"]
[Black "Osinaga, Eduardo"]
[Result "1-0"]
[WhiteElo "2134"]
[BlackElo "1697"]
[PlyCount "175"]
[EventDate "2020.02.21"]
[EventType "swiss"]
[EventRounds "8"]
[EventCountry "URU"]
[SourceTitle "CBM 195 Extra"]
[Source "ChessBase"]
[SourceDate "2020.05.31"]
[SourceVersion "1"]
[SourceVersionDate "2020.05.31"]
[SourceQuality "1"]

1. d4 Nf6 2. Nf3 d5 3. c4 e6 4. Nc3 Bb4 5. Bg5 h6 6. Bh4 Be7 7. e3 0-0 8. Qc2 Nbd7 9. Rc1 a6 10. cxd5 exd5 11. Bd3 c6 12. 0-0 Nh5 13. Bxe7 Qxe7 14. Rfe1 Nhf6 15. e4 dxe4 16. Nxe4 Nxe4 17. Bxe4 Qd6 18. Ne5 Nf6 19. Qc5 Nxe4 20. Rxe4 Qxc5 21. dxc5 Be6 22. a3 a5 23. Nc4 Rfd8 24. Nd6 b6 25. Rd4 b5 26. Rcd1 Rf8 27. h3 a4 28. R1d2 Ra7 29. f3 g6 30. Kf2 Kg7 31. Kg3 Re7 32. Re2 Rc7 33. Kf4 Re7 34. h4 Kh7 35. Re5 Rc7 36. Ke3 Re7 37. Rde4 Kg7 38. Kd4 Rc7 39. Kc3 Kh7 40. Kb4 Ra7 41. Kc3 Kg7 42. Re3 Kh7 43. R5e4 Kg7 44. Re2 Kh7 45. Kd4 Rd7 46. Ke5 Kg7 47. Rd4 Re7 48. Kf4 Ra7 49. Ne4 Rd7 50. Rxd7 Bxd7 51. Rd2 Be6 52. Rd6 Rc8 53. Ke5 Bc4 54. Rd7 Be6 55. Rb7 Rd8 56. Nd6 Bd5 57. Rc7 h5 58. g3 Rb8 59. f4 b4 60. Rb7 bxa3 61. bxa3 Ra8 62. f5 Ra5 63. f6+ Kg8 64. Rb8+ Kh7 65. Kd4 Ra7 66. Re8 Ra5 67. Rf8 Ra7 68. Kc3 Ra5 69. Kb4 Ra7 70. Re8 Ra6 71. Rb8 Bb3 72. Rb6 Ra8 73. Rxc6 Rb8+ 74. Rb6 Rd8 75. Rb7 Kg8 76. Kc3 Bd5 77. Rc7 Be6 78. Kd4 Rb8 79. Rb7 Rd8 80. Ke5 Bd7 81. Rc7 Be6 82. c6 Ra8 83. Rb7 Ra5+ 84. Rb5 Ra6 85. c7 Rc6 86. Rb8+ Kh7 87. c8Q Bxc8 88. Rxc8 1-0

[Event "Montevideo Duchamp Cup 4th"]
[Site "Montevideo"]
[Date "2020.02.09"]
[Round "2"]
[White "Osinaga, Eduardo"]
[Black "Aprahamian, Tomas"]
[Result "1/2-1/2"]
[WhiteElo "1697"]
[BlackElo "1415"]
[PlyCount "106"]
[EventDate "2020.02.08"]
[EventType "swiss"]
[EventRounds "9"]
[EventCountry "URU"]
[SourceTitle "CBM 194 Extra"]
[Source "ChessBase"]
[SourceDate "2020.03.31"]
[SourceVersion "1"]
[SourceVersionDate "2020.03.31"]
[SourceQuality "1"]

1. e4 e6 2. d4 d5 3. exd5 exd5 4. Nf3 Nf6 5. h3 Be7 6. Bd3 c6 7. 0-0 0-0 8. Be3 Nbd7 9. Nbd2 Re8 10. c4 dxc4 11. Bxc4 Nb6 12. Bb3 Nbd5 13. a3 Qc7 14. Rc1 Nxe3 15. fxe3 Qg3 16. Qe1 Bd6 17. e4 Bf4 18. Qxg3 Bxg3 19. e5 Nh5 20. Ng5 Be6 21. Nxe6 fxe6 22. Ne4 Bf4 23. Rc3 Rad8 24. Nc5 Kh8 25. Nxe6 Rxe6 26. Bxe6 Ng3 27. Rf2 g5 28. Rd3 Bxe5 29. d5 cxd5 30. Bxd5 Rc8 31. Rd1 Bf4 32. Rf3 Rc2 33. Rb3 Ne2+ 34. Kf1 Ng3+ 35. Rxg3 Bxg3 36. b3 b6 37. Bc4 Rf2+ 38. Kg1 Rf8 39. Rd7 h5 40. Rxa7 b5 41. Rf7 Rxf7 42. Bxf7 h4 43. b4 Be5 44. Be8 Bb2 45. a4 bxa4 46. Bxa4 Kg7 47. b5 Kf6 48. Kf1 Ke7 49. b6 Kd6 50. Ke2 Be5 51. Kf3 Kc5 52. Ke4 Bf4 53. b7 Kb6 1/2-1/2

[Event "Montevideo Duchamp Cup 4th"]
[Site "Montevideo"]
[Date "2020.02.08"]
[Round "1"]
[White "Contin, Daniel"]
[Black "Osinaga, Eduardo"]
[Result "1-0"]
[WhiteElo "2267"]
[BlackElo "1697"]
[PlyCount "79"]
[EventDate "2020.02.08"]
[EventType "swiss"]
[EventRounds "9"]
[EventCountry "URU"]
[SourceTitle "CBM 194 Extra"]
[Source "ChessBase"]
[SourceDate "2020.03.31"]
[SourceVersion "1"]
[SourceVersionDate "2020.03.31"]
[SourceQuality "1"]

1. e4 c5 2. Nf3 d6 3. d4 cxd4 4. Nxd4 e5 5. Bb5+ Bd7 6. Bxd7+ Qxd7 7. Ne2 Nf6 8. Nbc3 Be7 9. 0-0 0-0 10. Bg5 Nc6 11. Ng3 Nd4 12. Bxf6 Bxf6 13. Nd5 Bd8 14. c3 Ne6 15. Qg4 Nc5 16. Nf5 g6 17. b4 Kh8 18. bxc5 gxf5 19. exf5 dxc5 20. Rad1 Qc6 21. Rd3 Rg8 22. Qe4 f6 23. Re1 Rg7 24. c4 Ba5 25. Ree3 Rag8 26. Rg3 Bd8 27. Rxg7 Rxg7 28. f4 Rg4 29. Qe2 Rg7 30. fxe5 fxe5 31. Qxe5 Bc7 32. Qe6 Qd6 33. Qxd6 Bxd6 34. f6 Rf7 35. g4 h6 36. h4 Kh7 37. Kg2 Kg6 38. h5+ Kg5 39. Kh3 Be5 40. Rf3 1-0

[Event "Montevideo Duchamp Cup 3rd"]
[Site "Montevideo"]
[Date "2019.02.13"]
[Round "6"]
[White "Osinaga, Eduardo"]
[Black "Amaral, Francisco"]
[Result "1/2-1/2"]
[WhiteElo "1755"]
[BlackElo "1546"]
[PlyCount "72"]
[EventDate "2019.02.09"]
[EventType "swiss"]
[EventRounds "9"]
[EventCountry "URU"]
[SourceTitle "CBM 188 Extra"]
[Source "ChessBase"]
[SourceDate "2019.02.28"]
[SourceVersion "1"]
[SourceVersionDate "2019.02.28"]
[SourceQuality "1"]

1. e4 d5 2. exd5 Qxd5 3. Nc3 Qa5 4. d4 Nf6 5. Bd2 c6 6. Bd3 Qc7 7. h3 g6 8. Nf3 Bg7 9. 0-0 0-0 10. Be3 Nbd7 11. Qd2 e5 12. dxe5 Nxe5 13. Nxe5 Qxe5 14. Bf4 Qa5 15. Bh6 Be6 16. Bxg7 Kxg7 17. Qf4 Rad8 18. a3 Nh5 19. Qh4 Nf6 20. Rae1 Rfe8 21. f4 Bf5 22. b4 Qb6+ 23. Kh1 Bxd3 24. cxd3 Rxe1 25. Qxe1 Rxd3 26. Qe5 Qe3 27. Rf3 Qc1+ 28. Kh2 Rxf3 29. gxf3 Qc2+ 30. Kg3 Qf5 31. Qd4 b6 32. Ne4 Qe6 33. Qc3 Qf5 34. Qd4 Qe6 35. Qc3 Qf5 36. Nd6 Qe6 1/2-1/2

[Event "Montevideo Duchamp Cup 3rd"]
[Site "Montevideo"]
[Date "2019.02.09"]
[Round "1"]
[White "Roselli Mailhe, Bernardo"]
[Black "Osinaga, Eduardo"]
[Result "1-0"]
[WhiteElo "2434"]
[BlackElo "1755"]
[PlyCount "69"]
[EventDate "2019.02.09"]
[EventType "swiss"]
[EventRounds "9"]
[EventCountry "URU"]
[SourceTitle "CBM 188 Extra"]
[Source "ChessBase"]
[SourceDate "2019.02.28"]
[SourceVersion "1"]
[SourceVersionDate "2019.02.28"]
[SourceQuality "1"]

1. d4 Nf6 2. c4 e6 3. Nf3 h6 4. g3 b6 5. Bg2 Bb7 6. 0-0 Be7 7. Nc3 0-0 8. d5 d6 9. e4 e5 10. Ne1 c6 11. Nd3 Nbd7 12. Be3 Rc8 13. Rc1 cxd5 14. cxd5 Ba6 15. b4 Bc4 16. Re1 a6 17. Nb2 b5 18. a4 a5 19. Nxb5 Bxb5 20. axb5 axb4 21. Qa4 Nc5 22. Qxb4 Rb8 23. f3 Nfd7 24. Bf1 f5 25. exf5 Rxf5 26. Nd3 Rxf3 27. Nxc5 Nxc5 28. Bxc5 dxc5 29. Qe4 Rf6 30. Bd3 Rbb6 31. Qh7+ Kf7 32. Rxe5 Bd6 33. Re6 Bf8 34. Bg6+ Rxg6 35. Qxg6+ 1-0

[Event "Montevideo Duchamp Cup 2nd"]
[Site "Montevideo"]
[Date "2018.02.06"]
[Round "7"]
[White "Rostan, Leonardo"]
[Black "Osinaga, Eduardo"]
[Result "0-1"]
[WhiteElo "1904"]
[BlackElo "1620"]
[PlyCount "100"]
[EventDate "2018.02.02"]
[EventType "swiss"]
[EventRounds "9"]
[EventCountry "URU"]
[SourceTitle "CBM 182 Extra"]
[Source "ChessBase"]
[SourceDate "2018.02.23"]
[SourceVersion "1"]
[SourceVersionDate "2018.02.23"]
[SourceQuality "1"]

1. e4 c5 2. Nc3 d6 3. f4 Nc6 4. Nf3 Bg4 5. Bc4 Bxf3 6. Qxf3 e6 7. d3 Nf6 8. Be3 a6 9. a4 Be7 10. 0-0 0-0 11. Rae1 Nd4 12. Qd1 d5 13. Ba2 Nxc2 14. Qxc2 d4 15. Bf2 dxc3 16. bxc3 b5 17. f5 exf5 18. e5 Ng4 19. e6 fxe6 20. Rxe6 Kh8 21. Rfe1 Nxf2 22. Qxf2 Bh4 23. g3 Bf6 24. Qf3 Bxc3 25. R1e2 Bd4+ 26. Kg2 b4 27. Qh5 a5 28. Re7 Bf6 29. Rf7 Rxf7 30. Bxf7 Qxd3 31. Bg6 Qd5+ 32. Kh3 Qg8 33. Bxf5 g6 34. Bxg6 Qxg6 35. Qf3 Rd8 36. Re6 Qh6+ 37. Kg2 Rd2+ 38. Re2 Rxe2+ 39. Qxe2 Qf8 40. Qe6 Qe7 41. Qb6 c4 42. Qxa5 c3 43. Qa8+ Kg7 44. Qf3 Qd7 45. Kf1 b3 46. g4 b2 47. g5 b1Q+ 48. Kg2 Qd2+ 49. Kh3 Qbd3 50. gxf6+ Kf7 0-1

[Event "Montevideo Duchamp Cup 2nd"]
[Site "Montevideo"]
[Date "2018.02.05"]
[Round "6"]
[White "Osinaga, Eduardo"]
[Black "Horisch, Juan Pablo"]
[Result "1-0"]
[WhiteElo "1620"]
[BlackElo "1813"]
[PlyCount "54"]
[EventDate "2018.02.02"]
[EventType "swiss"]
[EventRounds "9"]
[EventCountry "URU"]
[SourceTitle "CBM 182 Extra"]
[Source "ChessBase"]
[SourceDate "2018.02.23"]
[SourceVersion "1"]
[SourceVersionDate "2018.02.23"]
[SourceQuality "1"]

1. e4 c5 2. Nf3 e6 3. d4 cxd4 4. Nxd4 d6 5. Bd3 Nc6 6. c3 Nf6 7. Be3 Be7 8. 0-0 0-0 9. Nd2 a6 10. h3 Qc7 11. Qc2 e5 12. Ne2 Be6 13. f4 exf4 14. Nxf4 Ne5 15. Nxe6 fxe6 16. Be2 Qc6 17. Bd4 Nfd7 18. Nf3 Bf6 19. Nxe5 Bxe5 20. Qb3 Bxd4+ 21. cxd4 Qxe4 22. Bf3 Qxd4+ 23. Kh1 Nc5 24. Qb6 Rad8 25. Rfd1 Qe5 26. b4 Ne4 27. Re1 Nf2+ 1-0

[Event "Montevideo Duchamp Cup 2nd"]
[Site "Montevideo"]
[Date "2018.02.02"]
[Round "1"]
[White "Meza, Anahi Silvina"]
[Black "Osinaga, Eduardo"]
[Result "1-0"]
[WhiteElo "2088"]
[BlackElo "1620"]
[PlyCount "67"]
[EventDate "2018.02.02"]
[EventType "swiss"]
[EventRounds "9"]
[EventCountry "URU"]
[SourceTitle "CBM 182 Extra"]
[Source "ChessBase"]
[SourceDate "2018.02.23"]
[SourceVersion "1"]
[SourceVersionDate "2018.02.23"]
[SourceQuality "1"]

1. d4 Nf6 2. c4 e6 3. Nc3 Bb4 4. e3 0-0 5. Bd3 d5 6. Nf3 dxc4 7. Bxc4 b6 8. 0-0 Bb7 9. Qe2 Nbd7 10. a3 Bxc3 11. bxc3 c5 12. Bd3 Be4 13. Ba6 Qc7 14. Nd2 Bg6 15. Bb2 Rab8 16. Bd3 Bxd3 17. Qxd3 Rfd8 18. e4 Ne5 19. Qg3 Ne8 20. f4 Ng6 21. Rac1 c4 22. Rce1 b5 23. e5 Ne7 24. Ne4 Nf5 25. Qf3 g6 26. g4 Nfg7 27. Qh3 Qe7 28. Qh6 f6 29. Re3 a5 30. Rh3 b4 31. Qxh7+ Kf7 32. Ng5+ fxg5 33. fxg5+ Nf6 34. gxf6 1-0

[Event "Montevideo Duchamp Cup 1st"]
[Site "Montevideo"]
[Date "2017.02.15"]
[Round "9"]
[White "Larrea, Daniela"]
[Black "Osinaga, Eduardo"]
[Result "1-0"]
[WhiteElo "1748"]
[BlackElo "1530"]
[PlyCount "55"]
[EventDate "2017.02.09"]
[EventType "swiss"]
[EventRounds "9"]
[EventCountry "URU"]
[SourceTitle "CBM 176 Extra"]
[Source "ChessBase"]
[SourceDate "2017.03.02"]
[SourceVersion "1"]
[SourceVersionDate "2017.03.02"]
[SourceQuality "1"]

1. d4 Nf6 2. c4 e6 3. g3 d5 4. Nf3 Be7 5. Bg2 0-0 6. 0-0 b6 7. cxd5 exd5 8. Qc2 h6 9. Bf4 Bd6 10. Ne5 Bb7 11. Nc3 Re8 12. Nb5 Bxe5 13. dxe5 Nh5 14. Nxc7 Nxf4 15. gxf4 Na6 16. Nxe8 Qxe8 17. Qd2 Rd8 18. Rac1 Qe6 19. b4 Qg4 20. Rc3 Rd7 21. Rg3 Qf5 22. Bh3 Qe4 23. f3 Qxb4 24. Qxb4 Nxb4 25. Bxd7 Nxa2 26. Kf2 Nb4 27. Rfg1 g6 28. f5 1-0

[Event "Montevideo Duchamp Cup 1st"]
[Site "Montevideo"]
[Date "2017.02.11"]
[Round "4"]
[White "Osinaga, Eduardo"]
[Black "Ibanez, Marcelo"]
[Result "0-1"]
[WhiteElo "1530"]
[BlackElo "1959"]
[PlyCount "112"]
[EventDate "2017.02.09"]
[EventType "swiss"]
[EventRounds "9"]
[EventCountry "URU"]
[SourceTitle "CBM 176 Extra"]
[Source "ChessBase"]
[SourceDate "2017.03.02"]
[SourceVersion "1"]
[SourceVersionDate "2017.03.02"]
[SourceQuality "1"]

1. e4 e5 2. Nf3 d6 3. d4 exd4 4. Nxd4 Nf6 5. Bd3 g6 6. 0-0 Bg7 7. h3 0-0 8. c3 Re8 9. Bg5 Nbd7 10. f4 Nc5 11. Re1 c6 12. e5 Nxd3 13. Qxd3 dxe5 14. Rxe5 Be6 15. Qe2 Qb6 16. Kh1 Nh5 17. Re3 Bxd4 18. cxd4 Qxd4 19. Nc3 Bd7 20. Rxe8+ Rxe8 21. Qd1 c5 22. Qb3 Bc6 23. Qc2 Qe3 24. Kh2 Qg3+ 25. Kg1 Re1+ 26. Rxe1 Qxe1+ 27. Kh2 Qg3+ 28. Kg1 Nxf4 29. Bxf4 Qxf4 30. Qe2 Qg5 31. Nd1 b5 32. Ne3 Qe7 33. Qf2 h5 34. Qg3 h4 35. Qf2 Kg7 36. b3 Qe4 37. Kh1 Qd4 38. Qe1 a5 39. Ng4 Qf4 40. Qc3+ f6 41. Qe1 Qe4 42. Qf2 f5 43. Ne3 Qd4 44. Qe2 Be4 45. Kh2 Kh7 46. Qf2 Qe5+ 47. Kh1 Qg3 48. Kg1 Qxf2+ 49. Kxf2 Kg7 50. g3 hxg3+ 51. Kxg3 Kf6 52. h4 Ke5 53. Nd1 f4+ 54. Kf2 Kd4 55. Ke2 Bb1 56. a3 Bc2 0-1